Computer experience and cognitive development : a child's learning in a computer culture

Αποθηκεύτηκε σε:
Λεπτομέρειες βιβλιογραφικής εγγραφής
Κύριος συγγραφέας: Lawler, R. W. (Robert Walter)
Μορφή: Βιβλίο
Γλώσσα:English
Δημοσίευση: Chichester : E. Horwood ; New York, Halsted Press, 1985
Σειρά:Ellis Horwood series in cognitive science
Θέματα:
Ετικέτες: Προσθήκη ετικέτας
Δεν υπάρχουν, Καταχωρήστε ετικέτα πρώτοι!

MARC

LEADER 00000nam a2200000 i 4500
001 1/78837
008 980828s1985 eng d
020 |a 0-85312-860-X 
035 |l 10033029 
035 |a 1988  |b 3  |c Ανθουλιάς 
040 |a GR-MY-UA  |b gre  |e aacr 
041 0 |a eng 
082 0 |a 155.413  |2 (19) 
100 1 |a Lawler, R. W. (Robert Walter) 
245 1 0 |a Computer experience and cognitive development :  |b a child's learning in a computer culture /  |c R.W. Lawler 
260 |a Chichester :   |b E. Horwood ; New York,   |b Halsted Press,   |c 1985 
300 |a 275 p.;  |b ill.;  |c 25 cm 
490 1 |a Ellis Horwood series in cognitive science 
504 |a Βιβλιογραφία: σ. [259]-262 
504 |a Περιέχει ευρετήριο 
650 0 0 |a Cognition in children. 
650 0 0 |a Learning, Psychology of. 
650 0 0 |a Computers and children. 
830 0 |a Ellis Horwood series in cognitive science 
852 |a INST  |b RHODES  |e 19980828  |h 155.413 LAW  |p 005400003628  |q 005400003628  |t BK  |y 0 
909 |a Ρ  |b 011937  |c 1988